El procedimiento económico-administrativo: tribunales y jurados. Legislación fundamental, precedentes legales, legislación complementaria, jurisprudencia, comentarios y formularios
Guardat en:
| Autor principal: | |
|---|---|
| Format: | Llibre |
| Idioma: | espanyol |
| Publicat: |
Madrid
Derecho Financiero
1961
|
| Col·lecció: | Textos Fiscales Anotados, 2
|
| Matèries: | |
| Etiquetes: |
Afegir etiqueta
Sense etiquetes, Sigues el primer a etiquetar aquest registre!
|
MARC
| LEADER | 00000nam a2200000 a 4500 | ||
|---|---|---|---|
| 001 | UCS0584 | ||
| 003 | CL-VaPUC | ||
| 008 | 970426e19610000SP |||||||||||||||||spa|d | ||
| 082 | 0 | 4 | |a 343.034 |b TUR |2 21 |
| 100 | 0 | |a Turpin Vargas, José |e author |9 384262 | |
| 245 | 1 | 3 | |a El procedimiento económico-administrativo: tribunales y jurados. Legislación fundamental, precedentes legales, legislación complementaria, jurisprudencia, comentarios y formularios |
| 300 | |a 1111 p | ||
| 942 | |c BK | ||
| 945 | |d 19970426 00:00:00 |a paguirre | ||
| 260 | |a Madrid |b Derecho Financiero |c 1961 | ||
| 650 | 0 | |a Derecho administrativo |9 254851 | |
| 650 | 0 | |a Derecho económico |9 259197 | |
| 650 | 0 | |a Política fiscal |9 317354 | |
| 650 | 0 | |a Hacienda pública |9 258673 | |
| 650 | 0 | |a Finanzas públicas |9 358992 | |
| 650 | 0 | |a Administración financiera del Estado |9 384263 | |
| 650 | 0 | |a Impuestos |9 255450 | |
| 650 | 7 | |a INGRESO NACIONAL |2 CL-VaPUC |9 334289 | |
| 583 | |a last modification |c 19970426 00:00:00 |k Rodrigo Vera | ||
| 490 | 0 | |a Textos Fiscales Anotados, 2 | |
| 999 | |c 258806 |d 258804 | ||
| 952 | |0 0 |1 0 |4 0 |6 343_034000000000000_TUR_1961 |7 0 |8 A |9 283111 |a BIBDER |b BIBDER |d 2019-11-19 |i 1838202 |o 343.034 TUR 1961 |p 1838202 |r 2023-01-25 |w 2019-11-19 |y BK |k DER | ||